La participación de Europa en el financiamiento del desarrollo de América Latina / (Registro nro. 8129)
[ vista simple ]
| 000 -LEADER | |
|---|---|
| fixed length control field | 01049nam a2200265Ia 4500 |
| 003 - CONTROL NUMBER IDENTIFIER | |
| control field | OSt |
| 005 - DATE AND TIME OF LATEST TRANSACTION | |
| control field | 20210726124257.0 |
| 008 - FIXED-LENGTH DATA ELEMENTS--GENERAL INFORMATION | |
| fixed length control field | 210310s1966 mx gr 000 0 spa d |
| 040 ## - CATALOGING SOURCE | |
| Original cataloging agency | CO-JMCR |
| Transcribing agency | CO-JMCR |
| 041 0# - LANGUAGE CODE | |
| Language code of text/sound track or separate title | spa |
| 082 04 - DEWEY DECIMAL CLASSIFICATION NUMBER | |
| Classification number | 337.804 / |
| Item number | B213p |
| Edition number | 23 |
| 110 2# - MAIN ENTRY--CORPORATE NAME | |
| Corporate name or jurisdiction name as entry element | Banco Interamericano de Desarrollo |
| 9 (RLIN) | 6750 |
| 245 13 - TITLE STATEMENT | |
| Title | La participación de Europa en el financiamiento del desarrollo de América Latina / |
| Statement of responsibility, etc. | Banco Interamericano de Desarrollo |
| 250 ## - EDITION STATEMENT | |
| Edition statement | Primera edición |
| 260 ## - PUBLICATION, DISTRIBUTION, ETC. | |
| Place of publication, distribution, etc. | México : |
| Name of publisher, distributor, etc. | Centro de Estudios Monetarios Latinoamericanos, |
| Date of publication, distribution, etc. | 1966 |
| 300 ## - PHYSICAL DESCRIPTION | |
| Extent | 412 páginas ; |
| Dimensions | 22 cm. |
| 490 0# - SERIES STATEMENT | |
| Series statement | Estudios |
| 500 ## - GENERAL NOTE | |
| General note | Título cubierta: Financiamiento europeo en América Latina |
| 505 0# - FORMATTED CONTENTS NOTE | |
| Formatted contents note | El financiamiento externo en América Latina -- La participación de Europa |
| 650 14 - SUBJECT ADDED ENTRY--TOPICAL TERM | |
| Topical term or geographic name entry element | Finanzas |
| 9 (RLIN) | 16417 |
| Geographic subdivision | América Latina |
| 650 24 - SUBJECT ADDED ENTRY--TOPICAL TERM | |
| Topical term or geographic name entry element | Asistencia económica a la América Latina |
| Geographic subdivision | Europa |
| 9 (RLIN) | 38709 |
| 650 24 - SUBJECT ADDED ENTRY--TOPICAL TERM | |
| Topical term or geographic name entry element | Financiamiento exterior |
| Geographic subdivision | América Latina |
| 9 (RLIN) | 38710 |
| 650 24 - SUBJECT ADDED ENTRY--TOPICAL TERM | |
| Topical term or geographic name entry element | Deuda externa |
| Geographic subdivision | América Latina |
| 9 (RLIN) | 6783 |
| 942 ## - ADDED ENTRY ELEMENTS (KOHA) | |
| Source of classification or shelving scheme | Dewey Decimal Classification |
| Koha item type | Books |
| Withdrawn status | Lost status | Source of classification or shelving scheme | Damaged status | Not for loan | Collection code | Home library | Current library | Date acquired | Source of acquisition | Full call number | Barcode | Date last seen | Copy number | Koha item type |
|---|---|---|---|---|---|---|---|---|---|---|---|---|---|---|
| Dewey Decimal Classification | Non-fiction | Biblioteca Pública José María del Castillo y Rada | Biblioteca Pública José María del Castillo y Rada | 04/15/2018 | Donación | 337.804 / B213p | 430003298 | 05/16/2024 | Ej.1 | Books |